Famous Polynesian People - Statistics

General Stats
  • This quiz has been taken 53 times
  • The average score is 7 of 16
Answer Stats
Hint Ancestry Person % Correct
8-times WWE champion Samoan Dwayne Johnson
92%
He was both John Wick and Neo Hawaiian Keanu Reeves
73%
Stitch's partner Hawaiian Lilo Pelekai
71%
Actor who portrayed that superhero Hawaiian Jason Momoa
65%
Superhero whose dubious powers include talking to fish Māori Arthur Curry
59%
Princess who comes back to the water - Moana
59%
Director of “Jojo Rabbit” Māori Taika Waititi
53%
Conqueror who united the Hawaiian islands Hawaiian Kamehameha I
39%
The Pussycat Dolls lead singer Hawaiian Nicole Scherzinger
35%
Former Hawaiian congresswoman who is Trump's Director of National Intelligence Samoan Tulsi Gabbard
33%
Actor who played Archie in “Riverdale” Samoan KJ Apa
29%
Only female and the last ruler of the Kingdom of Hawaii Hawaiian Liliʻuokalani
24%
Portrayed Bobba Fett Māori Temuera Morrison
24%
New Zealand superstar of rugby union Tongan Jonah Lomu
18%
First king of modern Tonga Tongan George Tupou I
14%
Surfing pioneer and Olympic swimming champion Hawaiian Duke Kahanamoku
12%
No matching quizzes found
Score Distribution
Percent of People with Each Score
Percentile by Number Answered
Your Score History
You have not taken this quiz